| 000 | 00476nam a2200205Ia 4500 | ||
|---|---|---|---|
| 005 | 20250425162709.0 | ||
| 008 | 250425s9999 xx 000 0 und d | ||
| 041 | _aspa | ||
| 043 | _ait | ||
| 082 | _a664.76 | ||
| 100 | _aCASTRO CAMPOS, EMILIO | ||
| 245 | 0 | _aCONTROL DE CALIDAD DE INSUMOS Y DIETAS ACUICOLAS | |
| 250 | _aS.E | ||
| 260 |
_aItalia _bFAO _c1994 |
||
| 260 | _aROMA | ||
| 300 | _a251 | ||
| 650 | _aDIETAS ALIMENTICIAS | ||
| 942 | _c01 | ||
| 010 | _a97306 | ||
| 999 |
_c234563 _d234563 |
||